000 00553nam a22002057a 4500
005 20260512163209.0
008 260512b |||||||| |||| 00| 0 eng d
020 _a9788126574568
_c1295.00
040 _aMAIN
041 _aEnglish
082 _a621.391
_bLEI
100 _aLeick, Alfred
_926792
245 _aGPS Satellite Surveying
260 _aNew Delhi
_bWiley Blackwell
_c2018
300 _a817
650 _aEnvironment Science (PM USHA)
_926725
700 _aRapoport, Lev
_926793
700 _aTatarnikov, Dmitry
_926794
942 _cBK
999 _c60769
_d60769